বাংলাদের মুক্তিযুদ্ধ : (Record no. 1058)
[ view plain ]
| 000 -LEADER | |
|---|---|
| fixed length control field | 00760nam a22002297a 4500 |
| 001 - CONTROL NUMBER | |
| JCCL Control Number | 1058 |
| 003 - CONTROL NUMBER IDENTIFIER | |
| JCCL marc code | BD-JhCC |
| 005 - DATE AND TIME OF LATEST TRANSACTION | |
| control field | 20171015105058.0 |
| 008 - FIXED-LENGTH DATA ELEMENTS--GENERAL INFORMATION | |
| fixed length control field | 171014s20052005bg a|||| ||a| 00| 0 ben d |
| 020 ## - INTERNATIONAL STANDARD BOOK NUMBER | |
| International Standard Book Number | 9844010136 |
| 035 ## - SYSTEM CONTROL NUMBER | |
| system control number | (BD-JhCC)1058 |
| 040 ## - CATALOGING SOURCE | |
| Original cataloging agency | BD-JhCC |
| Modifying agency | BD-JhCC |
| 041 ## - LANGUAGE CODE | |
| Language code of Book | ben |
| 082 ## - DEWEY DECIMAL CLASSIFICATION NUMBER | |
| Classification number | 954.925 |
| Author mark and Year | HAN 2005 |
| 100 ## - MAIN ENTRY--PERSONAL NAME | |
| Personal name | হাননান, ডঃ মোহাম্মদ |
| 245 ## - TITLE STATEMENT | |
| Title | বাংলাদের মুক্তিযুদ্ধ : |
| Remainder of title | কিশোর ইতিহাস / |
| Statement of responsibility, etc | ডঃ মোহাম্মদ হাননান |
| 260 ## - PUBLICATION, DISTRIBUTION, ETC. (IMPRINT) | |
| Place of publication, distribution, etc | ঢাকা : |
| Name of publisher, distributor, etc | আগামী প্রকাশনী, |
| Date of publication, distribution, etc | 2005 |
| 300 ## - PHYSICAL DESCRIPTION | |
| Pagination | 64 p. |
| Dimensions | 21 cm. |
| 650 ## - SUBJECT ADDED ENTRY--TOPICAL TERM | |
| Topical term or geographic name as entry element | Bangladesh Revolution History |
| Chronological subdivision | 1971 |
| 942 ## - ADDED ENTRY ELEMENTS (KOHA) | |
| Source of classification or shelving scheme | Dewey Decimal Classification |
| Koha item type | Books |
| Source of classification or shelving scheme | Damaged status | Not for loan | Home library | Current library | Date of accession | Source of acquisition | Cost, normal purchase price | Total Checkouts | Full call number | Barcode | Date last seen | Copy number | Koha item type |
|---|---|---|---|---|---|---|---|---|---|---|---|---|---|
| Dewey Decimal Classification | JCC Rouf Library | JCC Rouf Library | 10/14/2017 | Zahedee Faundation | 50.00 | 954.925 HAN 2005 | 2068 | 10/14/2017 | C-1 | Books |